| 000 | 00899nam a22001217a 4500 | ||
|---|---|---|---|
| 040 | _cRUA | ||
| 082 | _aAGR CHE 2015 B519 Or.1 | ||
| 100 | _aCHEA SAREACH; ជា សារៀច | ||
| 245 | _aStudy on population dynamics of insect pests and natural enemies on mustard in insecticide sprayed fields at toeuk vil commune; sa ang district, kandal province; ការសិក្សាពីបម្រែបម្រួលប្រជាករសត្វល្អិតចង្រៃ និងសត្វមានប្រយោជន៍លើដំណាំស្ពៃខៀវក្នុងលក្ខខណ្ឌចម្ការប្រើថ្នាំកម្ចាត់សត្វល្អិត នៅឃុំទឹកវិល ស្រុកស្អាង ខេត្តកណ្តាល | ||
| 260 |
_aPhnom Penh _bRUA _c2015 |
||
| 300 |
_axi; 50p; _bill; _c29cm; |
||
| 942 | _cAGR | ||
| 999 |
_c10751 _d10751 |
||